Entry Personal Name
Number of records used in: 1
001 - CONTROL NUMBER
003 - CONTROL NUMBER IDENTIFIER
005 - DATE AND TIME OF LATEST TRANSACTION
- control field:
20230902112405.0
008 - FIXED-LENGTH DATA ELEMENTS
- fixed length control field:
920501n| azannaab |a aaa
010 ## - LIBRARY OF CONGRESS CONTROL NUMBER
- LC control number:
n 92048140
- Canceled/invalid LC control number:
n 88157107
040 ## - CATALOGING SOURCE
- Original cataloging agency:
DLC
- Transcribing agency:
DLC
- Description conventions:
rda
- Modifying agency:
DLC
046 ## - SPECIAL CODED DATES
100 1# - HEADING--PERSONAL NAME
- Personal name:
O'Sullivan, Arthur
400 1# - SEE FROM TRACING--PERSONAL NAME
- Control subfield:
nne
- Personal name:
Sullivan, Arthur M.
- Fuller form of name:
(Arthur Morgan),
- Dates associated with a name:
1953-
670 ## - SOURCE DATA FOUND
- Source citation:
His Urban economics, c1993:
- Information found:
CIP t.p. (Arthur O'Sullivan, Dept. of Economics, Oregon State Univ.) data sheet (O'Sullivan, Arthur M.)
670 ## - SOURCE DATA FOUND
- Source citation:
His Urban economics, c1990:
- Information found:
t.p. (Arthur M. Sullivan; Univ. of Calif., Davis)
670 ## - SOURCE DATA FOUND
- Source citation:
Tel. call to pub., 6/21/89
- Information found:
(Arthur Morgan Sullivan; b. 1953)
670 ## - SOURCE DATA FOUND
- Source citation:
Info. from pub., 6/30/92
- Information found:
(Arthur Sullivan legally changed his surname to O'Sullivan in 1990)
670 ## - SOURCE DATA FOUND
- Source citation:
Survey of economics, 2016:
- Information found:
eCIP t.p. (Arthur M. Sullivan) data view screen (Lewis and Clark College)